Vytvorenie webovej aplikácie na hľadanie spolubývajúcich

Gespeichert in:
Bibliographische Detailangaben
1. Verfasser: Oh, Teak Min Guillaume (Verfasst von)
Weitere Verfasser: Stašová, Oľga (Betreuung Doktorarbeit)
Format: Manuskript Buch
Sprache:Slowakisch
Veröffentlicht: Bratislava : STU v Bratislave FEI, 2025
Schlagworte:
Online-Zugang:https://opac.crzp.sk/?fn=detailBiblioFormChildKLP5R&sid=BA75C2D62745AD5727E5969ED92F&seo=CRZP-detail-kniha
Tags: Tag hinzufügen
Keine Tags, Fügen Sie das erste Tag hinzu!

MARC

LEADER 00000ntm a22000003a 4500
001 stuzp103694
003 SK-STU
005 20251113133042.2
007 ta
008 150427s2015----xo-----f-mn---000-0-slo-d
040 |a STU  |b slo 
041 0 |a slo 
044 |a xo 
100 1 |a Oh, Teak Min Guillaume  |u 035000  |4 aut  |U FEI Fakulta elektrotechniky a informatiky  |T FEI Ústav informatiky a matematiky  |X 121342  |U E050  |Y 816  |7 121342 
242 0 1 |a The Creation of a Web Application for Finding Roommates  |y eng 
245 1 0 |a Vytvorenie webovej aplikácie na hľadanie spolubývajúcich 
260 |a Bratislava :  |b STU v Bratislave FEI,  |c 2025 
300 |a 54 s. 
650 4 |a odporúčací algoritmus  |2 slo 
650 4 |a Cloud Firestore  |2 slo 
650 4 |a webová aplikácia  |2 slo 
650 4 |a spolubývanie  |2 slo 
650 4 |a Nuxt 3  |2 slo 
650 4 |a Firebase  |2 slo 
650 4 |a TypeScript  |2 slo 
650 4 |a mapa  |2 slo 
650 4 |a vyhľadávanie  |2 slo 
650 4 |a roommates  |2 eng 
650 4 |a Nuxt 3  |2 eng 
650 4 |a Firebase  |2 eng 
650 4 |a Cloud Firestore  |2 eng 
650 4 |a recommendation algorithm  |2 eng 
650 4 |a TypeScript  |2 eng 
650 4 |a map  |2 eng 
650 4 |a search  |2 eng 
650 4 |a web application  |2 eng 
700 1 |a Stašová, Oľga  |u 035000  |k Z1  |4 ths  |U FEI Fakulta elektrotechniky a informatiky  |T FEI Ústav informatiky a matematiky  |X 3695  |U E050  |Y 816  |7 A000003695 
856 4 |u https://opac.crzp.sk/?fn=detailBiblioFormChildKLP5R&sid=BA75C2D62745AD5727E5969ED92F&seo=CRZP-detail-kniha